[Event "Dortmund ABC Serie A-24"]
[Site "Dortmund"]
[Date "2005.11.30"]
[Round "1"]
[White "Nettbohl, Werner"]
[Black "Lischer, Thorsten"]
[Result "0-1"]
[WhiteElo "1638"]
[BlackElo "1586"]
[PlyCount "82"]
[EventDate "2005.10.14"]
[EventType "tourn"]
[EventRounds "11"]
[EventCountry "GER"]
[SourceTitle "EXT 2007"]
[Source "ChessBase"]
[SourceDate "2006.11.23"]
[SourceVersion "1"]
[SourceVersionDate "2006.11.23"]
[SourceQuality "1"]

1. e4 e5 2. Nf3 Nc6 3. Bc4 Nf6 4. d3 Bc5 5. a3 h6 6. Be3 Be7 7. h3 0-0 8. Nc3 Na5 9. Ba2 c5 10. Nxe5 d6 11. Nf3 Bd7 12. Nd5 Nxd5 13. Bxd5 Qc7 14. Nd2 Nc6 15. 0-0 Be6 16. Bb3 b5 17. f4 Bf6 18. Rb1 Na5 19. f5 Bxb3 20. cxb3 Nc6 21. Kh1 Ne5 22. Nf3 Qe7 23. Qd2 Rad8 24. Rbc1 Rfe8 25. Qe2 a6 26. Nxe5 Bxe5 27. Rc2 Qf6 28. Bf4 Bd4 29. Rf3 d5 30. Rg3 Qh4 31. Rg4 Qf6 32. Qf3 dxe4 33. dxe4 Bxb2 34. Rxb2 Qxb2 35. Bxh6 Qa1+ 36. Kh2 Qe5+ 37. Rg3 g6 38. f6 Rd4 39. Kh1 Kh7 40. Bg7 Rxe4 41. Kh2 Re3 0-1

[Event "Dortmund ABC Serie A-24"]
[Site "Dortmund"]
[Date "2005.11.29"]
[Round "4"]
[White "Lischer, Thorsten"]
[Black "Buedel, Juergen"]
[Result "0-1"]
[WhiteElo "1586"]
[BlackElo "1677"]
[PlyCount "48"]
[EventDate "2005.10.14"]
[EventType "tourn"]
[EventRounds "11"]
[EventCountry "GER"]
[SourceTitle "EXT 2007"]
[Source "ChessBase"]
[SourceDate "2006.11.23"]
[SourceVersion "1"]
[SourceVersionDate "2006.11.23"]
[SourceQuality "1"]

1. d4 Nc6 2. Nf3 e6 3. Bf4 Nf6 4. a3 Be7 5. Nc3 0-0 6. e4 d6 7. Bb5 a6 8. Bd3 Nh5 9. Bd2 g6 10. 0-0 Bf6 11. Ne2 e5 12. d5 Nb8 13. h3 Nd7 14. Rb1 Nc5 15. Bh6 Ng7 16. Bc4 Nxe4 17. b4 Ng5 18. Nd2 b5 19. Ba2 Nf5 20. Bxf8 Qxf8 21. h4 Nxh4 22. f4 exf4 23. Rxf4 Nf5 24. g4 Nh3+ 0-1

[Event "Dortmund ABC Serie A-24"]
[Site "Dortmund"]
[Date "2005.11.09"]
[Round "6"]
[White "Lischer, Thorsten"]
[Black "Sonntag, Joachim"]
[Result "1/2-1/2"]
[WhiteElo "1586"]
[BlackElo "1738"]
[PlyCount "110"]
[EventDate "2005.10.14"]
[EventType "tourn"]
[EventRounds "11"]
[EventCountry "GER"]
[SourceTitle "EXT 2007"]
[Source "ChessBase"]
[SourceDate "2006.11.23"]
[SourceVersion "1"]
[SourceVersionDate "2006.11.23"]
[SourceQuality "1"]

1. d4 d5 2. c4 e6 3. Nc3 Nf6 4. Bf4 Bb4 5. Rc1 0-0 6. a3 Bxc3+ 7. Rxc3 Ne4 8. Rc1 Qf6 9. e3 Nd7 10. Nf3 c6 11. Qc2 Re8 12. Bd3 Qg6 13. Bg3 f5 14. cxd5 cxd5 15. Bb5 Qh6 16. Qc7 Nxg3 17. Qxg3 a6 18. Bxd7 Bxd7 19. Ne5 Bb5 20. Kd2 Rac8 21. b3 a5 22. a4 Ba6 23. Nd7 b6 24. Rxc8 Rxc8 25. Nxb6 f4 26. Qg4 Rb8 27. Nd7 Rxb3 28. Nc5 fxe3+ 29. Kc2 Rb6 30. Nxa6 Rxa6 31. Qg3 Rc6+ 32. Kd3 Qg6+ 33. Qxg6 hxg6 34. fxe3 Rc4 35. Ra1 Kf7 36. Ke2 e5 37. dxe5 Ke6 38. Rb1 Kxe5 39. Rb6 g5 40. Rg6 g4 41. Rg5+ Ke6 42. Rxg7 Rxa4 43. Kd3 Rc4 44. Rg6+ Kf5 45. Rg7 a4 46. h3 gxh3 47. gxh3 Rh4 48. Ra7 Ke5 49. Ke2 Kd6 50. Ra5 Kc6 51. Kd3 Re4 52. Kd2 d4 53. exd4 Rxd4+ 54. Ke3 Rh4 55. Rg5 Rxh3+ 1/2-1/2

[Event "Dortmund ABC Serie B-22"]
[Site "Dortmund"]
[Date "2004.10.08"]
[Round "1"]
[White "Lischer, Thorsten"]
[Black "Wiemann, Peter"]
[Result "1/2-1/2"]
[WhiteElo "1581"]
[BlackElo "1555"]
[PlyCount "79"]
[EventDate "2004.10.07"]
[EventType "tourn"]
[EventRounds "13"]
[EventCountry "GER"]
[SourceTitle "EXT 2006"]
[Source "ChessBase"]
[SourceDate "2005.11.24"]
[SourceVersion "1"]
[SourceVersionDate "2005.11.24"]
[SourceQuality "1"]

1. d4 f5 2. Bg5 g6 3. Nf3 d6 4. c4 Nd7 5. d5 c6 6. Nd4 cxd5 7. Ne6 Qa5+ 8. Bd2 Qb6 9. Bc3 Ngf6 10. Qa4 dxc4 11. Bd4 Qc6 12. Qxc6 bxc6 13. Nc7+ Kd8 14. Nxa8 Bb7 15. Bxa7 Bxa8 16. Bd4 e5 17. Bc3 c5 18. e3 d5 19. Nd2 Bd6 20. Nf3 Ne4 21. Ba5+ Ke7 22. Nd2 Nef6 23. f3 Rb8 24. b3 cxb3 25. axb3 d4 26. exd4 cxd4 27. Bc4 e4 28. 0-0 e3 29. Rfe1 Ne5 30. Nf1 Nxc4 31. bxc4 f4 32. Rab1 Rc8 33. Rbc1 Kf7 34. Bb6 d3 35. Red1 d2 36. Nxd2 exd2 37. Rxd2 Bc5+ 38. Bxc5 Rxc5 39. Ra2 Bc6 40. Ra7+ 1/2-1/2

[Event "Dortmund7"]
[Site "Dortmund"]
[Date "2003.10.07"]
[Round "1"]
[White "Lischer, Thorsten"]
[Black "Mueller, Siegfried"]
[Result "1-0"]
[WhiteElo "1497"]
[BlackElo "1453"]
[PlyCount "98"]
[EventDate "2003.10.01"]
[EventType "tourn"]
[EventRounds "13"]
[EventCountry "GER"]
[SourceTitle "EXT 2007"]
[Source "ChessBase"]
[SourceDate "2006.11.23"]
[SourceVersion "1"]
[SourceVersionDate "2006.11.23"]
[SourceQuality "1"]

1. d4 Nf6 2. Bf4 g6 3. Nf3 Bg7 4. c4 d6 5. Nc3 c5 6. dxc5 Qa5 7. Bd2 Qxc5 8. e3 0-0 9. b4 Qc7 10. Bd3 Nbd7 11. 0-0 b6 12. Rc1 Bb7 13. Nd4 a6 14. b5 Nc5 15. Be2 a5 16. Nb3 Nfd7 17. Nxc5 Nxc5 18. Bf3 e6 19. e4 Nd3 20. Rc2 Ne5 21. Na4 Nxf3+ 22. Qxf3 f5 23. Qe3 Bxe4 24. Rcc1 Rab8 25. f3 f4 26. Qxe4 e5 27. Qd5+ Kh8 28. Be1 Rf5 29. Bc3 Rc8 30. Bb2 h5 31. Rfd1 Bf8 32. Re1 h4 33. h3 Rg5 34. Qe6 Qd8 35. Nc3 Be7 36. Ne4 Rf5 37. Qxg6 Qf8 38. Ba3 Rd8 39. Red1 Rf7 40. Qe6 d5 41. Qxe5+ Kg8 42. Bxe7 Rxe7 43. Qg5+ Rg7 44. Nf6+ Kf7 45. Qxf4 Qc5+ 46. Kh1 Rf8 47. Nd7+ Kg8 48. Qxf8+ Qxf8 49. Nxf8 Kxf8 1-0

[Event "Dortmund2"]
[Site "Dortmund"]
[Date "2003.05.28"]
[Round "13"]
[White "Lischer, Thorsten"]
[Black "Driesner, Reinhard"]
[Result "0-1"]
[WhiteElo "1519"]
[BlackElo "1305"]
[PlyCount "100"]
[EventDate "2003.03.26"]
[EventType "tourn"]
[EventRounds "13"]
[EventCountry "GER"]
[SourceTitle "EXT 2007"]
[Source "ChessBase"]
[SourceDate "2006.11.23"]
[SourceVersion "1"]
[SourceVersionDate "2006.11.23"]
[SourceQuality "1"]

1. d4 d6 2. e4 Nd7 3. c4 e5 4. d5 Ndf6 5. Nc3 a6 6. Nf3 h6 7. Be2 Ne7 8. 0-0 c6 9. Bd2 Ng6 10. a4 Bd7 11. b4 Be7 12. Qc2 0-0 13. b5 c5 14. Rfb1 a5 15. b6 Bg4 16. Nb5 Nh4 17. Nxh4 Bxe2 18. f3 Nh5 19. Nf5 Bg5 20. Bxg5 Qxg5 21. Qxe2 Nf4 22. Qf1 Nh3+ 23. Kh1 Nf4 24. Nbxd6 Rab8 25. Rb5 Rfd8 26. h4 Qf6 27. Rxa5 Rxd6 28. Nxd6 Qxh4+ 29. Kg1 Qg3 30. Nf5 Nh3+ 31. Kh1 Nf2+ 32. Qxf2 Qxf2 33. d6 Qd2 34. Rxc5 g6 35. Ne7+ Kg7 36. Rd5 Qb2 37. Rad1 Qxb6 38. Rb5 Qa6 39. a5 Rd8 40. Rdd5 Rxd6 41. Rxe5 Rd1+ 42. Kh2 Qf6 43. Kg3 Rh1 44. Kf2 Qh4+ 45. Ke2 Re1+ 46. Kd3 Qf2 47. Kc3 Qe3+ 48. Kb4 Rb1+ 49. Ka4 Ra1+ 50. Kb4 Qa3# 0-1

[Event "Dortmund2"]
[Site "Dortmund"]
[Date "2003.05.16"]
[Round "10"]
[White "Krueger, Inge"]
[Black "Lischer, Thorsten"]
[Result "0-1"]
[WhiteElo "1348"]
[BlackElo "1519"]
[PlyCount "66"]
[EventDate "2003.03.26"]
[EventType "tourn"]
[EventRounds "13"]
[EventCountry "GER"]
[SourceTitle "EXT 2007"]
[Source "ChessBase"]
[SourceDate "2006.11.23"]
[SourceVersion "1"]
[SourceVersionDate "2006.11.23"]
[SourceQuality "1"]

1. d4 d5 2. c4 Nf6 3. Nc3 e6 4. Bg5 c5 5. cxd5 cxd4 6. Qxd4 Be7 7. Nf3 0-0 8. e3 Qc7 9. Be2 Rd8 10. 0-0 Nc6 11. Qd2 Nxd5 12. Bxe7 Qxe7 13. Bd3 Ndb4 14. Nd4 e5 15. Rfe1 exd4 16. exd4 Qf6 17. Qe2 Bf5 18. Bb5 Nxd4 19. Qc4 Ndc2 20. Ne4 Bxe4 21. Qxe4 Nxa1 22. Rxa1 Nc6 23. Rb1 g6 24. b3 Rd4 25. Qe2 Rad8 26. g3 Rd2 27. Qf1 Rxa2 28. Bc4 Rdd2 29. Re1 Rxf2 30. Re8+ Kg7 31. Qe1 Rg2+ 32. Kh1 Rxh2+ 33. Kg1 Rag2# 0-1

[Event "Dortmund2"]
[Site "Dortmund"]
[Date "2003.05.10"]
[Round "9"]
[White "Lischer, Thorsten"]
[Black "Wolff, Holger"]
[Result "1/2-1/2"]
[WhiteElo "1519"]
[BlackElo "1484"]
[PlyCount "88"]
[EventDate "2003.03.26"]
[EventType "tourn"]
[EventRounds "13"]
[EventCountry "GER"]
[SourceTitle "EXT 2007"]
[Source "ChessBase"]
[SourceDate "2006.11.23"]
[SourceVersion "1"]
[SourceVersionDate "2006.11.23"]
[SourceQuality "1"]

1. d4 d5 2. c4 e6 3. a3 Nf6 4. Nc3 dxc4 5. e4 c5 6. Qa4+ Bd7 7. Qxc4 cxd4 8. Qxd4 Nc6 9. Qd1 Qb6 10. b4 Rc8 11. Be3 Qd8 12. Rc1 b6 13. Nf3 Be7 14. Ba6 Rb8 15. Bf4 0-0 16. Bxb8 Qxb8 17. e5 Nxe5 18. 0-0 Bc8 19. Bxc8 Rxc8 20. Nxe5 Qxe5 21. Re1 Qb8 22. Ne4 Nxe4 23. Rxe4 a5 24. Rec4 Rxc4 25. Rxc4 axb4 26. axb4 g6 27. Qc1 Qe5 28. f4 Qf5 29. h3 h5 30. Rc8+ Kg7 31. Rb8 e5 32. Rxb6 exf4 33. Rb7 Bh4 34. b5 f3 35. Qc3+ Bf6 36. Qxf3 Qb1+ 37. Kh2 Be5+ 38. g3 Qc2+ 39. Qg2 Qc5 40. h4 Qc4 41. b6 Qxh4+ 42. Kg1 Bd4+ 43. Kf1 Qf6+ 44. Ke1 Bxb6 1/2-1/2

[Event "Dortmund2"]
[Site "Dortmund"]
[Date "2003.03.29"]
[Round "2"]
[White "Beckers, Juergen"]
[Black "Lischer, Thorsten"]
[Result "1/2-1/2"]
[WhiteElo "1321"]
[BlackElo "1519"]
[PlyCount "50"]
[EventDate "2003.03.26"]
[EventType "tourn"]
[EventRounds "13"]
[EventCountry "GER"]
[SourceTitle "EXT 2007"]
[Source "ChessBase"]
[SourceDate "2006.11.23"]
[SourceVersion "1"]
[SourceVersionDate "2006.11.23"]
[SourceQuality "1"]

1. e4 c5 2. Nc3 Nc6 3. Nf3 e5 4. Bc4 h6 5. Nd5 Nf6 6. Nxf6+ Qxf6 7. Be2 Be7 8. d3 d6 9. h3 0-0 10. Nh2 Qh4 11. Bg4 f5 12. Nf3 Qf6 13. Bxf5 Bxf5 14. exf5 Qxf5 15. Be3 d5 16. 0-0 d4 17. Bd2 Bd6 18. Nh4 Qe6 19. Qg4 Qxg4 20. hxg4 Kh7 21. Nf5 Bc7 22. Ng3 Ne7 23. Ne4 b6 24. b4 cxb4 25. Bxb4 Rf7 1/2-1/2

[Event "Dortmund ABC Aufstreber 18th"]
[Site "Dortmund"]
[Date "2002.12.04"]
[Round "12"]
[White "Lischer, Thorsten"]
[Black "Wengelnik, Erwin"]
[Result "1/2-1/2"]
[WhiteElo "1505"]
[BlackElo "1385"]
[PlyCount "152"]
[EventDate "2002.10.11"]
[EventType "tourn"]
[EventRounds "13"]
[EventCountry "GER"]
[SourceTitle "EXT 2004"]
[Source "ChessBase"]
[SourceDate "2003.11.25"]
[SourceVersion "1"]
[SourceVersionDate "2003.11.25"]
[SourceQuality "1"]

1. d4 Nf6 2. c4 g6 3. Nc3 Bg7 4. Nf3 d6 5. e4 0-0 6. Bd3 Nbd7 7. 0-0 b6 8. Be3 Bb7 9. h3 e6 10. Qd2 c5 11. d5 exd5 12. exd5 Re8 13. Rfe1 Ne5 14. Nxe5 Rxe5 15. Bf4 Re7 16. Bg5 Qf8 17. Rxe7 Qxe7 18. Re1 Qf8 19. a3 Re8 20. Rxe8 Qxe8 21. Nb5 Qe5 22. Bf4 Qe7 23. Bxd6 Qd7 24. Bf4 a6 25. Nc3 Ne8 26. Bh6 Bd4 27. Ne4 f5 28. Ng5 Qe7 29. Ne6 Bc8 30. Nxd4 cxd4 31. Bg5 Qe5 32. b4 Bb7 33. Bc2 Nd6 34. Bf4 Nxc4 35. Bxe5 Nxd2 36. d6 Bc6 37. Bxd4 b5 38. f3 Kf7 39. Kf2 Ke6 40. Bc5 Kd7 41. Bd3 Nb3 42. Ke3 Nxc5 43. bxc5 a5 44. Kd4 Ke6 45. h4 h5 46. f4 Bd7 47. g3 Bc6 48. Bc2 Bd5 49. Bd3 Bc6 50. Bc2 Bd5 51. a4 b4 52. Bd3 Bc6 53. Bc4+ Kd7 54. Bb3 Kd8 55. Ke5 Be8 56. Ke6 Bd7+ 57. Kf6 Be8 58. c6 Bxc6 59. Kxg6 Kd7 60. Kxh5 Kxd6 61. Kg5 Bd5 62. Bc2 b3 63. Bxf5 b2 64. Bc2 Bb3 65. Bb1 Bxa4 66. h5 Ke7 67. f5 Kf7 68. h6 Kg8 69. f6 Be8 70. Kf4 Bf7 71. Ke3 a4 72. h7+ Kh8 73. Kd2 a3 74. Kc2 a2 75. Kxb2 axb1Q+ 76. Kxb1 Kxh7 1/2-1/2

[Event "Dortmund ABC Aufstreber 18th"]
[Site "Dortmund"]
[Date "2002.10.09"]
[Round "1"]
[White "Lischer, Thorsten"]
[Black "Kreitz, Thomas"]
[Result "0-1"]
[WhiteElo "1505"]
[BlackElo "1461"]
[PlyCount "118"]
[EventDate "2002.10.11"]
[EventType "tourn"]
[EventRounds "13"]
[EventCountry "GER"]
[SourceTitle "EXT 2004"]
[Source "ChessBase"]
[SourceDate "2003.11.25"]
[SourceVersion "1"]
[SourceVersionDate "2003.11.25"]
[SourceQuality "1"]

1. d4 d5 2. c4 c6 3. Nc3 Nf6 4. Bf4 Bf5 5. Qb3 Qb6 6. Qxb6 axb6 7. cxd5 Nxd5 8. Nxd5 cxd5 9. e3 e6 10. a3 Nc6 11. Bc7 Be7 12. Bb5 0-0 13. Bxc6 bxc6 14. Rc1 Rfc8 15. Bf4 c5 16. Ne2 cxd4 17. Kd2 dxe3+ 18. Bxe3 e5 19. Bxb6 Rcb8 20. Ng3 Rxb6 21. Nxf5 Bg5+ 22. Kc2 Bxc1 23. Rxc1 Kf8 24. Kb1 g6 25. Ne3 Rxa3 26. Rc8+ Kg7 27. Nxd5 Rb7 28. Ne3 Rab3 29. Nc4 f6 30. Kc1 Rd7 31. Kc2 Rbb7 32. b3 Rdc7 33. Rd8 Rb6 34. Rd3 e4 35. Rd4 f5 36. Kb2 Re6 37. Ne3 Rcc6 38. Rd7+ Kh6 39. g3 Rcd6 40. Rxd6 Rxd6 41. Nc4 Rd7 42. b4 Kg5 43. h3 Kf6 44. Kc3 Ke6 45. Kb3 Ra7 46. Na5 Kd5 47. h4 h6 48. Kc3 g5 49. h5 f4 50. g4 Rc7+ 51. Kd2 Kd4 52. b5 Kc5 53. Nb3+ Kxb5 54. Nd4+ Kc4 55. Nf5 Rc6 56. Ke2 Kc3 57. Kd1 Kd3 58. Ne7 Rb6 59. Kc1 Ke2 0-1

[Event "Dortmund ABC Aufstreber 16th"]
[Site "Dortmund"]
[Date "2001.11.24"]
[Round "10"]
[White "Koch, Daniel"]
[Black "Lischer, Thorsten"]
[Result "0-1"]
[WhiteElo "1472"]
[BlackElo "1395"]
[PlyCount "92"]
[EventDate "2001.??.??"]
[EventType "tourn"]
[EventRounds "13"]
[EventCountry "GER"]
[SourceTitle "EXT 2003"]
[Source "ChessBase"]
[SourceDate "2002.11.25"]
[SourceVersion "1"]
[SourceVersionDate "2002.11.25"]
[SourceQuality "1"]

1. f4 d5 2. e3 Nf6 3. Nf3 Bg4 4. Be2 Nc6 5. d3 e6 6. 0-0 Bc5 7. Qe1 0-0 8. Qg3 Ne7 9. d4 Nf5 10. Qe1 Bb6 11. h3 Bxf3 12. Bxf3 c5 13. c3 Rc8 14. Nd2 cxd4 15. exd4 Qc7 16. Bd1 Rfe8 17. Nf3 Nd7 18. g4 Ne7 19. Kg2 Ng6 20. Qg3 Qd8 21. Bc2 Ndf8 22. h4 Bc7 23. h5 Nh8 24. Bd2 f6 25. Rae1 Nf7 26. Rf2 Bd6 27. Rfe2 Qd7 28. g5 f5 29. Ne5 Bxe5 30. fxe5 Nd8 31. Kf3 Nc6 32. g6 Nxd4+ 33. cxd4 Rxc2 34. gxh7+ Nxh7 35. Rg1 Qf7 36. Rh2 Re7 37. h6 Rcc7 38. hxg7 Qxg7 39. Qf2 Rc2 40. Rxg7+ Rxg7 41. Qh4 Rxd2 42. Rxd2 Ng5+ 43. Ke3 Ne4 44. Qd8+ Kf7 45. Qd7+ Kf8 46. Rh2 Rxd7 0-1

[Event "Dortmund ABC Aufstreber 16th"]
[Site "Dortmund"]
[Date "2001.11.10"]
[Round "7"]
[White "Lischer, Thorsten"]
[Black "Baier, Joerg"]
[Result "0-1"]
[WhiteElo "1395"]
[BlackElo "1448"]
[PlyCount "58"]
[EventDate "2001.??.??"]
[EventType "tourn"]
[EventRounds "13"]
[EventCountry "GER"]
[SourceTitle "EXT 2003"]
[Source "ChessBase"]
[SourceDate "2002.11.25"]
[SourceVersion "1"]
[SourceVersionDate "2002.11.25"]
[SourceQuality "1"]

1. d4 d5 2. c4 e6 3. Nc3 Nf6 4. Bg5 Be7 5. e3 0-0 6. Nf3 h6 7. Bh4 Ne4 8. Bxe7 Qxe7 9. Nxe4 dxe4 10. Nd2 f5 11. Qb3 b6 12. Be2 Bb7 13. c5 f4 14. Bc4 fxe3 15. Bxe6+ Kh8 16. fxe3 Qg5 17. g3 Nc6 18. Bd5 Na5 19. Qa3 Bxd5 20. 0-0-0 Nc4 21. Nxc4 Bxc4 22. b3 Qxe3+ 23. Rd2 Bd3 24. b4 Rf2 25. Rhd1 bxc5 26. dxc5 Rb8 27. Qa5 Rxd2 28. Rxd2 Qe1+ 29. Rd1 Qc3# 0-1

[Event "Dortmund ABC Aufstreber 16th"]
[Site "Dortmund"]
[Date "2001.10.04"]
[Round "2"]
[White "Heckers, Uwe"]
[Black "Lischer, Thorsten"]
[Result "0-1"]
[WhiteElo "1325"]
[BlackElo "1395"]
[PlyCount "70"]
[EventDate "2001.??.??"]
[EventType "tourn"]
[EventRounds "13"]
[EventCountry "GER"]
[SourceTitle "EXT 2003"]
[Source "ChessBase"]
[SourceDate "2002.11.25"]
[SourceVersion "1"]
[SourceVersionDate "2002.11.25"]
[SourceQuality "1"]

1. c4 e5 2. g3 Bc5 3. Bg2 Nc6 4. Nc3 Nf6 5. a3 a5 6. e3 Ra7 7. Nge2 d6 8. Na4 Nd7 9. Nxc5 Nxc5 10. Qc2 Bd7 11. 0-0 a4 12. Rb1 Ne7 13. Nc3 Bc6 14. Nd5 Nxd5 15. cxd5 Bb5 16. d4 Bd3 17. Qd1 Bxf1 18. Bxf1 Nd7 19. Bb5 0-0 20. dxe5 Nxe5 21. Bxa4 Qf6 22. f4 Nd3 23. Qxd3 Rxa4 24. b3 Raa8 25. Bb2 Qe7 26. Rc1 f5 27. b4 Qd7 28. b5 b6 29. Qc2 Qxb5 30. Rb1 Qc5 31. Qxc5 dxc5 32. Be5 Rf7 33. Rb3 Rd7 34. Kf2 Ra7 35. Kf3 Rxd5 0-1